000 01254nam a2200325 i 4500
001 181853
003 ES-MaACL
005 20250809031703.0
008 130430s2011 sp a | |||||||| | cat d
020 _a978-84-9883-421-5
080 _a34 Martí de Eixalá, Ramón (043.2)
080 _a1 Martí de Eixalá, Ramón (043.2)
080 _a347.7(460)"18"(043.2)
080 _a347(460.23)"18"(043.2)
100 1 _aValls Salada, Judit (
_d1981-)
_9152654
245 1 0 _aRamon Martí d'Eixalà :
_bun exponent de l'escola jurídica catalana del segle XIX /
_cJudit Valls Salada.
250 _a1ª ed.
260 _aBarcelona :
_bPublicacions de l'Abadia de Montserrat,
_c2011.
300 _a324 p. :
_bil. ;
_c24 cm.
490 1 _aTextos i estudis de cultura catalana ;
_v168
502 _aTesis--Universidad de Girona, 2010.
504 _aBibliografía: p. [305]-316.
600 1 4 _aMartí de Eixalá, Ramón,
_d1807-1857
_977213
650 0 4 _aDerecho mercantil-
_zEspaña
_911735
650 4 _aDerecho civil-
_zCataluña.
_9140364
830 0 _aTextos i estudis de cultura catalana ;
_v168
_9191693
852 _aES-MaACL
_jA-12681
_9188761
_bR.148692
_cDEPO1
_dOlim: N-5682
942 _2udc
_cMONOGRAFIA
999 _c181853
_d181853